• 首页
  • 本馆介绍
  • 公告通知
  • 最新文献
  • 馆藏检索
  • 电子资源
  • 读者导购
  • 参考咨询
  • 我的图书馆
  • 登录
  • 详细信息显示
  • 放入我的书架
  • 预约/预借图书
  • 作者相关作品
  • 分类相关作品
  • 丛书相关作品
  • 出版社相关作品

书目信息

  • 表格格式
  • 工作单格式
  • 卡片格式
题名:
质量管理人员必读
    
 
作者: 吴稼荣 编
分册:  
出版信息: 北京   经济科学出版社  1985
页数: 377页
开本: 19cm
丛书名:
单 册:
中图分类: D922.292.4
科图分类:
主题词: 质量管理--中国 , 质量管理-法规--基本知识--中国 , 法规-质量管理--基本知识--中国
电子资源:
ISBN: 4312.72
000 00726nam0 2200253 450
001 0185001501
005 20100712221043.0
010    @a4312.72@dCNY2.20
091    @a4312.72
100    @a19900816d1985 em y0chiy0110 ea
101 0  @achi
102    @aCN@b110000
105    @ay z 000yy
106    @ar
200 1  @a质量管理人员必读@9Zhi Liang Guan Li Ren Yuan;Yun Bi Dou;Du @f吴稼荣编
210    @a北京@c经济科学出版社@d1985
215    @a377页@d19cm
606 0  @a质量管理@y中国
606 0  @a质量管理-法规@x基本知识@y中国
606 0  @a法规-质量管理@x基本知识@y中国
690    @aD922.292.4@v3
701  0 @a吴稼荣@9wu jia rong@4编
801  0 @aCN@bAzMarc@c20130904
905    @aBZT@dD922.292.4@e149@f2@sD922.292.4/149
    
    质量管理人员必读/吴稼荣编.-北京:经济科学出版社,1985
    377页;19cm
    
    
    ISBN 4312.72:CNY2.20
    
●
相关链接 在五车中查询图书 在当当中查询图书 在豆瓣中查询图书


正题名:质量管理人员必读     索取号:D922.292.4/149         预约/预借

序号 登录号 条形码 馆藏地/架位号 状态 备注
1 2000089445   2000089445   旧书回溯/ [索取号:D922.292.4/149] 在馆    
2 2000089446   2000089446   旧书回溯/ [索取号:D922.292.4/149] 在馆    
山东省滨州职业学院图书馆 欢迎您!
大连网信软件有限公司© 版权所有